Premier League Belgian Best Scorer by Year - Statistics

General Stats
  • This quiz has been taken 946 times
    756 since last reset
  • The average score is 6 of 13
Answer Stats
Scorer % Correct
Kevin De Bruyne
99%
Romelu Lukaku
99%
Eden Hazard
95%
Leandro Trossard
92%
Christian Benteke
76%
Thomas Vermaelen
49%
Marouane Fellaini
39%
Mousa Dembélé
17%
Philippe Albert
16%
Émile Mpenza
13%
Gilles De Bilde
8%
Branko Strupar
7%
Marc Degryse
6%
No matching quizzes found
Score Distribution
Percent of People with Each Score
Percentile by Number Answered
Your Score History
You have not taken this quiz since the last reset